Cuộc cách mạng Al Augmented :Tương lai của nhân loại khi công nghệ làm chủ thế giới
Trình bày lịch sử 250 năm đột phát công nghệ; phân tích thế giới thông minh học hỏi như thế nào; đưa ra những dự đoán lớn cho công nghệ trong vài thập kỉ sắp tới với động lực chính là trí tuệ nhân tạo - làm thay đổi các ngành nghề từ...
Na minha lista:
| Autor principal: | |
|---|---|
| Outros Autores: | |
| Formato: | Livro |
| Idioma: | Undetermined |
| Publicado em: |
H. ; Tp. Hồ Chí Minh
Thế giới ; Công ty Văn hóa Sách Sài Gòn
2019
|
| Assuntos: | |
| Acesso em linha: | http://lrc.tdmu.edu.vn/opac/search/detail.asp?aID=2&ID=38232 |
| Tags: |
Adicionar Tag
Sem tags, seja o primeiro a adicionar uma tag!
|
| Thư viện lưu trữ: | Trung tâm Học liệu Trường Đại học Thủ Dầu Một |
|---|
| LEADER | 01328nam a2200229Ia 4500 | ||
|---|---|---|---|
| 001 | TDMU_38232 | ||
| 008 | 210410s9999 xx 000 0 und d | ||
| 082 | |a 005.12 | ||
| 090 | |b K311 | ||
| 100 | |a King, Brett | ||
| 245 | 0 | |a Cuộc cách mạng Al | |
| 245 | 0 | |b Augmented :Tương lai của nhân loại khi công nghệ làm chủ thế giới | |
| 245 | 0 | |c Brett King ; Bùi Tố Hạnh (dịch) | |
| 260 | |a H. ; Tp. Hồ Chí Minh | ||
| 260 | |b Thế giới ; Công ty Văn hóa Sách Sài Gòn | ||
| 260 | |c 2019 | ||
| 300 | |a 371tr. | ||
| 520 | |a Trình bày lịch sử 250 năm đột phát công nghệ; phân tích thế giới thông minh học hỏi như thế nào; đưa ra những dự đoán lớn cho công nghệ trong vài thập kỉ sắp tới với động lực chính là trí tuệ nhân tạo - làm thay đổi các ngành nghề từ tài chính, giáo dục, năng lượng, vận tải, y tế, thiết chế chính trị... | ||
| 650 | |a Cách mạng công nghệ |x Đổi mới công nghệ | ||
| 700 | |a Bùi, Tố Hạnh | ||
| 856 | |u http://lrc.tdmu.edu.vn/opac/search/detail.asp?aID=2&ID=38232 | ||
| 980 | |a Trung tâm Học liệu Trường Đại học Thủ Dầu Một | ||